000
00310nam a22001337a 4500
003
SGT
020
_a
978-1-119-4366-4-5
082
_a
535.05
_b
VIT
100
_a
VITHA, MARK F.
245
_a
SPECTROSCOPY PRINCIPLES AND INSTRUMENTATION
260
_a
USA
_b
WILEY PUB.
_c
2019
300
_a
322
942
_2
ddc
_c
BK
999
_c
22402
_d
22402